<?xml version="1.0" encoding="UTF-8"?>
<record
    xmlns:xsi="http://www.w3.org/2001/XMLSchema-instance"
    xsi:schemaLocation="http://www.loc.gov/MARC21/slim http://www.loc.gov/standards/marcxml/schema/MARC21slim.xsd"
    xmlns="http://www.loc.gov/MARC21/slim">

  <leader>00801cam4a220022900 4500</leader>
  <controlfield tag="001">tmp15726226</controlfield>
  <controlfield tag="003">UPRA</controlfield>
  <controlfield tag="005">20190814132042.0</controlfield>
  <controlfield tag="008">951012s1981    sa                  eng u</controlfield>
  <datafield tag="035" ind1=" " ind2=" ">
    <subfield code="a">(Sirsi) r24615</subfield>
  </datafield>
  <datafield tag="035" ind1=" " ind2=" ">
    <subfield code="a">(UPRA)tmp15726226</subfield>
  </datafield>
  <datafield tag="040" ind1=" " ind2=" ">
    <subfield code="c">UPRA</subfield>
  </datafield>
  <datafield tag="100" ind1="1" ind2=" ">
    <subfield code="a">Harrison, Gaisford G.</subfield>
    <subfield code="6">A87312.1</subfield>
  </datafield>
  <datafield tag="245" ind1="1" ind2="4">
    <subfield code="a">The place of anaesthetics as a discipline in contemporary medical practice :</subfield>
    <subfield code="b">some difficulties, dilemmas and directions.</subfield>
  </datafield>
  <datafield tag="260" ind1=" " ind2=" ">
    <subfield code="a">Capetown :</subfield>
    <subfield code="b">University,</subfield>
    <subfield code="c">1981.</subfield>
  </datafield>
  <datafield tag="440" ind1=" " ind2="0">
    <subfield code="a">Inaugural lecture. New series ;</subfield>
    <subfield code="n">Inaugural lecture. New series ;</subfield>
    <subfield code="v">no. 74</subfield>
    <subfield code="6">S4890.3</subfield>
  </datafield>
  <datafield tag="504" ind1=" " ind2=" ">
    <subfield code="a">Includes bibliographical references.</subfield>
  </datafield>
  <datafield tag="650" ind1=" " ind2="0">
    <subfield code="a">Anesthesia.</subfield>
    <subfield code="6">S132.2</subfield>
  </datafield>
  <datafield tag="650" ind1=" " ind2="0">
    <subfield code="a">Anesthesiology.</subfield>
    <subfield code="6">S4998.1</subfield>
  </datafield>
  <datafield tag="949" ind1=" " ind2=" ">
    <subfield code="a">RD87</subfield>
    <subfield code="w">LC</subfield>
    <subfield code="i">-24387</subfield>
    <subfield code="m">MEDICAL</subfield>
    <subfield code="t">BOOK</subfield>
    <subfield code="l">ON-SHELF</subfield>
  </datafield>
  <controlfield tag="004">24615</controlfield>
  <datafield tag="999" ind1=" " ind2=" ">
    <subfield code="c">55610</subfield>
    <subfield code="d">55610</subfield>
  </datafield>
</record>
